000 00871cam a22001931 4500
001 000020151
005 20200929170305.0
008 781019s1941 mx a b 000 0 spa c
040 _aDO-SdBNP
_bspa
_cBNPHU
082 _a972.04
_bM467
245 0 4 _aLos mayas antiguos :
_bmonografías de arqueología, etnografía y lingüistica mayas publicadas con motivo del centenario de la exploración de Yucatán John L. Stephens y Frederick Catherwood en los años 1841-42 /
_cprefacio César Lizardi Ramos.
260 _aMéxico :
_bColegio de México,
_c1941.
300 _a361 p. :
_bil. ;
_c24 cm.
504 _aBibliografía de Jhon Lloyd Stephens, por Arthur Gropp: p. 17-32
600 1 4 _aSTEPHENS, JOHN LLOYD
_d1805-1852
_xBIBLIOGRAFÍA
_942740
650 4 _aMayas
_xAntiguedades
_942741
700 1 2 _aLizardi Ramos, César
_942742
910 _aValidado. Control de calidad MFF
999 _c19658
_d19658